000 00219 a2200097 4500
001 32621
100 _aLanger, W
245 _aThe mind of Adolpf Hitler
260 _aLondon
_bSecker & Warburg
_c
090 _c21835
_d21835
942 _aNUST-CAE
_cM
_c13153
999 _c267694
_d267694